LEADER 00919cam0-22003371i-450- 001 990000720770403321 005 20050721103814.0 035 $a000072077 035 $aFED01000072077 035 $a(Aleph)000072077FED01 035 $a000072077 100 $a20020821d1966----km-y0itay50------ba 101 0 $aita 102 $aIT 105 $ay-------001yy 200 1 $aScienza del latte$emetodi e tecniche per il risanamento$fGiovanni Dalla Torre 210 $aBologna$cEdagricole$d1966 215 $aXV, 604 p.$d25 cm 610 0 $aLatte 676 $a637.1 700 1$aDalla Torre,$bGiovanni$073930 801 0$aIT$bUNINA$gRICA$2UNIMARC 901 $aBK 912 $a990000720770403321 952 $a60 637.1 B 15$b46115$fFAGBC 952 $a60 637.1 B 9$b42385$fFAGBC 952 $aTECN B 450$b9650$fFARBC 959 $aFARBC 959 $aFAGBC 996 $aScienza del latte$9323582 997 $aUNINA LEADER 02806nam0 22003493i 450 001 VAN00236167 005 20240806101339.811 010 $a978-88-916346-8-9 100 $a20211214d2019 |0itac50 ba 101 $aita 102 $aIT 105 $a|||| ||||| 200 1 $aManuale dell'IVA negli enti della P.A. : rilevanza, adempimenti, gestione servizi commerciali, aliquote servizi istituzionali, acquisti all'estero, casi risolti$fEnzo Cuzzola, Francesco Cuzzola 205 $a5. ed. aggiornata con: L. n. 145 del 30/12/2018 (Legge di Bilancio 2019)$bD.L. n. 119 del 23/10/2018 conv. in L. n. 136 del 17/12/2018 210 $aSantarcangelo di Romagna$eRN$cMaggioli$d2019 215 $a727 p.$d24 cm 330 $aLa corretta tenuta della contabilità, adempimento fondamentale per una gestione finanziaria regolare, non è sempre facile e di immediata applicazione. Le continue novità normative e di prassi, l?intrinseca difficoltà nell?individuare gli ambiti di applicazione e di rilevanza, generano a volte incertezze negli operatori. Il presente volume, che tiene conto delle novità recentemente intervenute in ambito legislativo di prassi e giurisprudenziale, vuole essere un manuale esplicativo della disciplina e, contestualmente, grazie alle puntuali indicazioni operative, una vera e propria guida pratica per la corretta applicazione dell?IVA negli Enti della Pubblica Amministrazione. L?opera è suddivisa in quattro parti: la prima dedicata all?inquadramento generale dell?IVA; la seconda riguardante gli adempimenti connessi alla corretta gestione dell?imposta; la terza dedicata all?applicazione dell?IVA in relazione ai singoli servizi locali, sia commerciali sia istituzionali, con ampia casistica; la quarta, riguardante la disciplina IVA nei casi di acquisti dall?estero; ed infine, la quinta dedicata ai ?casi risolti?. 410 1$1001VAN00009467$12001 $aProgetto ente locale$1210 $aRimini$cMaggioli$v226 500 1$3VAN00236174$aManuale dell'IVA negli enti della P.A.$91566867 606 $aEnti locali$xServizi$xImposta sul valore aggiunto$3VANC036585$2EC 606 $aImposta sul valore aggiunto$xGuide pratiche$3VANC035707$2EC 620 $dSantarcangelo di Romagna$3VANL000123 676 $a343.05$v21 700 1$aCuzzola$bEnzo$3VANV100748$0608889 701 1$aCuzzola$bFrancesco$3VANV100749$0763107 712 $aMaggioli $3VANV108045$4650 801 $aIT$bSOL$c20240906$gRICA 899 $aBIBLIOTECA DEL DIPARTIMENTO DI ECONOMIA$1IT-CE0106$2VAN03 912 $aVAN00236167 950 $aBIBLIOTECA DEL DIPARTIMENTO DI ECONOMIA$d03PREST IVGa129 $e03 33386 20211214 996 $aManuale dell'IVA negli enti della P.A$91566867 997 $aUNICAMPANIA